Zdravie pri práci ako súčasť ochrany práce
Sociálne a ekonomické aspekty zdravia pri práci. Zabezpečenie ochrany zdravia na úrovni Európskej únie. Ochrana zdravia pri práci v právnom poriadku SR. Lekárske preventívne prehliadky vo vzťahu k práci.
Gespeichert in:
| 1. Verfasser: | |
|---|---|
| Format: | Buchkapitel |
| Sprache: | Slowakisch |
| Schlagworte: | |
| Tags: |
Keine Tags, Fügen Sie das erste Tag hinzu!
|
MARC
| LEADER | 00000naa$a2200000$$$4500 | ||
|---|---|---|---|
| 001 | 0061712 | ||
| 005 | 20231116125624.8 | ||
| 041 | 0 | |a slo | |
| 044 | |a SK | ||
| 245 | 1 | 0 | |a Zdravie pri práci ako súčasť ochrany práce |c Ján Trojan |
| 520 | |a Sociálne a ekonomické aspekty zdravia pri práci. Zabezpečenie ochrany zdravia na úrovni Európskej únie. Ochrana zdravia pri práci v právnom poriadku SR. Lekárske preventívne prehliadky vo vzťahu k práci. | ||
| 610 | 2 | 0 | |a zdravie |
| 610 | 2 | 0 | |a ochrana zdravia |
| 610 | 2 | 0 | |a ochrana práce |
| 610 | 2 | 0 | |a úpravy právne |
| 610 | 2 | 0 | |a Slovensko |
| 610 | 2 | 0 | |a Európska únia |
| 100 | 1 | |a Trojan, Ján | |